Didáctica de la imagen: comunicación visual y medios audiovisuales
Uloženo v:
| Hlavní autor: | |
|---|---|
| Médium: | Kniha |
| Jazyk: | španělština |
| Vydáno: |
Zaragoza
Latina
1974
|
| Vydání: | 4a. ed |
| Edice: | Colección de Autoinstrucción, 5
|
| Témata: | |
| Tagy: |
Přidat tag
Žádné tagy, Buďte první, kdo vytvoří štítek k tomuto záznamu!
|
MARC
| LEADER | 00000nam a2200000 a 4500 | ||
|---|---|---|---|
| 001 | UCT3938 | ||
| 003 | CL-VaPUC | ||
| 008 | 961031e19740000SP |||||||||||||||||spa|d | ||
| 082 | 0 | 4 | |a 302.23 |b MEN |2 21 |
| 100 | |a Fornasari de Menegazzo, Lilia |e autora |9 343924 | ||
| 245 | 1 | 0 | |a Didáctica de la imagen: comunicación visual y medios audiovisuales |
| 250 | |a 4a. ed | ||
| 300 | |a 191 p | ||
| 942 | |c BK | ||
| 945 | |d 19961031 00:00:00 |a nastorga | ||
| 260 | |a Zaragoza |b Latina |c 1974 | ||
| 650 | 0 | |a Comunicación visual |9 265349 | |
| 650 | 0 | |a Imagen |9 311402 | |
| 650 | 7 | |a OBSERVACION |2 CL-VaPUC |9 336333 | |
| 650 | 0 | |a Medios visuales |9 373027 | |
| 650 | 0 | |a Didáctica |9 369923 | |
| 583 | |a last modification |c 19961031 00:00:00 |k Rodrigo Vera | ||
| 490 | 0 | |a Colección de Autoinstrucción, 5 | |
| 999 | |c 253436 |d 253434 | ||
| 952 | |0 0 |1 0 |4 0 |6 302_230000000000000_MEN_1974 |7 0 |8 A |9 274286 |a BIBEDU |b BIBEDU |d 2019-11-19 |i 3247899 |o 302.23 MEN 1974 |p 3247899 |r 2019-11-19 |w 2019-11-19 |y BK |k EDU | ||